Elements of Photonics / (Record no. 13644)
[ view plain ]
| 000 -LEADER | |
|---|---|
| fixed length control field | 01750cam a2200361 a 4500 |
| 001 - CONTROL NUMBER | |
| control field | 1669755 |
| 005 - DATE AND TIME OF LATEST TRANSACTION | |
| control field | 20040621190427.0 |
| 008 - FIXED-LENGTH DATA ELEMENTS--GENERAL INFORMATION | |
| fixed length control field | 980312s2002 nyua |rb 001 0 eng |
| 010 ## - LIBRARY OF CONGRESS CONTROL NUMBER | |
| LC control number | 98015244 |
| 020 ## - INTERNATIONAL STANDARD BOOK NUMBER | |
| International Standard Book Number | 0471839388 (v. 1 : alk. paper) |
| 020 ## - INTERNATIONAL STANDARD BOOK NUMBER | |
| International Standard Book Number | 0471408158 (v. 2 : alk. paper) |
| 040 ## - CATALOGING SOURCE | |
| Original cataloging agency | DLC |
| Transcribing agency | DLC |
| Modifying agency | DLC |
| 050 00 - LIBRARY OF CONGRESS CALL NUMBER | |
| Classification number | TA1520 |
| Item number | .I35 2002 |
| 082 00 - DEWEY DECIMAL CLASSIFICATION NUMBER | |
| Classification number | 621.36 |
| Edition number | 22 |
| Item number | LIZ |
| 100 1# - MAIN ENTRY--PERSONAL NAME | |
| Personal name | Iizuka, Keigo, |
| Dates associated with a name | 1931- |
| 9 (RLIN) | 12532 |
| 245 10 - TITLE STATEMENT | |
| Title | Elements of Photonics / |
| Statement of responsibility, etc | Keigo Iizuka. |
| 260 ## - PUBLICATION, DISTRIBUTION, ETC. (IMPRINT) | |
| Place of publication, distribution, etc | New York, N.Y. : |
| Name of publisher, distributor, etc | Wiley-Interscience, 2002 |
| Date of publication, distribution, etc | c2002. |
| 300 ## - PHYSICAL DESCRIPTION | |
| Extent | 2 v. : |
| Other physical details | ill. ; |
| Dimensions | 26 cm. |
| 440 #0 - | |
| -- | 12533 |
| 490 ## - Series Statement | |
| Series statement | Wiley Series in Pure and Applied Optics |
| 504 ## - BIBLIOGRAPHY, ETC. NOTE | |
| Bibliography, etc | Includes bibliographical references and indexes. |
| 505 0# - FORMATTED CONTENTS NOTE | |
| Formatted contents note | v. 1. In free space and special media -- v. 2. For fiber and integrated optics. |
| 650 #0 - SUBJECT ADDED ENTRY--TOPICAL TERM | |
| Topical term or geographic name as entry element | Photonics. |
| 9 (RLIN) | 12534 |
| 650 #0 - SUBJECT ADDED ENTRY--TOPICAL TERM | |
| Topical term or geographic name as entry element | Integrated optics. |
| 9 (RLIN) | 12535 |
| 650 #0 - SUBJECT ADDED ENTRY--TOPICAL TERM | |
| Topical term or geographic name as entry element | Fiber optics. |
| 9 (RLIN) | 12536 |
| 856 42 - ELECTRONIC LOCATION AND ACCESS | |
| Materials specified | Contributor biographical information |
| Uniform Resource Identifier | <a href="http://www.loc.gov/catdir/bios/wiley042/98015244.html">http://www.loc.gov/catdir/bios/wiley042/98015244.html</a> |
| 856 42 - ELECTRONIC LOCATION AND ACCESS | |
| Materials specified | Publisher description |
| Uniform Resource Identifier | <a href="http://www.loc.gov/catdir/description/wiley033/98015244.html">http://www.loc.gov/catdir/description/wiley033/98015244.html</a> |
| 856 4# - ELECTRONIC LOCATION AND ACCESS | |
| Materials specified | Table of Contents |
| Uniform Resource Identifier | <a href="http://www.loc.gov/catdir/toc/onix05/98015244.html">http://www.loc.gov/catdir/toc/onix05/98015244.html</a> |
| 942 ## - ADDED ENTRY ELEMENTS (KOHA) | |
| Source of classification or shelving scheme | Dewey Decimal Classification |
| Item type | Book - Borrowing |
| Withdrawn status | Item status | Source of classification or shelving scheme | Damaged status | Not for loan | Vendor | Home library | Current library | Shelving location | Date acquired | Source of acquisition | Total Checkouts | Full call number | Barcode | Date last seen | Koha item type | Public note |
|---|---|---|---|---|---|---|---|---|---|---|---|---|---|---|---|---|
| Dewey Decimal Classification | Baccah | Central Library | Central Library | First floor | 14/03/2010 | 621.36 LIZ | 000020140 | 15/07/2025 | Book - Borrowing | V.1 | ||||||
| Dewey Decimal Classification | Baccah | Central Library | Central Library | First floor | 14/03/2010 | 621.36 LIZ | 000020139 | 15/07/2025 | Book - Borrowing | V.2 |